[Event "16th EUR-ch"]
[Site "Jerusalem ISR"]
[Date "2015.03.04"]
[Round "8"]
[White "Zhigalko, Sergei"]
[Black "Zubov, Alexander"]
[Result "1/2-1/2"]
[WhiteElo "2675"]
[BlackElo "2607"]
[EventDate "2015.02.24"]
[PlyCount "49"]

1.e4 c5 2.Nf3 e6 3.d4 cxd4 4.Nxd4 a6 5.Bd3 Bc5 6.Nb3 Be7 7.Qg4 g6 8.Qe2 d6
9.O-O Nd7 10.Nc3 Ne5 11.f4 Nxd3 12.cxd3 Nf6 13.Be3 O-O 14.a4 b6 15.g4 Bb7 
16.Rae1 Nd7 17.Nd4 Bf6 18.Nf3 Bg7 19.f5 exf5 20.gxf5 b5 21.axb5 axb5 22.
Nxb5 d5 23.Nd6 dxe4 24.Nxb7 Qc7 25.dxe4 1/2-1/2

[Event "16th EUR-ch"]
[Site "Jerusalem ISR"]
[Date "2015.03.04"]
[Round "8"]
[White "Grachev, Boris"]
[Black "Vovk, Yuri"]
[Result "1/2-1/2"]
[WhiteElo "2670"]
[BlackElo "2588"]
[EventDate "2015.02.24"]
[PlyCount "56"]

1.d4 Nf6 2.c4 g6 3.Nf3 Bg7 4.g3 O-O 5.Bg2 d5 6.cxd5 Nxd5 7.O-O c5 8.Nc3 
Nc6 9.Nxd5 Qxd5 10.Be3 Bf5 11.dxc5 Qc4 12.Nd2 Qa6 13.Qb3 Be6 14.Qd3 Qxd3 
15.exd3 Rfd8 16.Be4 Rd7 17.Nf3 Rc8 18.Bxc6 bxc6 19.d4 a5 20.b3 a4 21.bxa4 
Ra7 22.Rfb1 Rxa4 23.a3 Rca8 24.Ne5 Bxe5 25.dxe5 Rxa3 26.Rxa3 Rxa3 27.Bh6 
Ra8 28.h4 f6 1/2-1/2

[Event "16th EUR-ch"]
[Site "Jerusalem ISR"]
[Date "2015.03.04"]
[Round "8"]
[White "Svetushkin, Dmitry"]
[Black "Laznicka, Viktor"]
[Result "0-1"]
[WhiteElo "2592"]
[BlackElo "2670"]
[EventDate "2015.02.24"]
[PlyCount "70"]

1.e4 c5 2.Nf3 e6 3.d4 cxd4 4.Nxd4 a6 5.Nc3 Qc7 6.Bd3 Nf6 7.f4 d6 8.Qf3 Nc6
9.Be3 Be7 10.O-O-O Bd7 11.h3 Nxd4 12.Bxd4 Bc6 13.g4 d5 14.e5 Nd7 15.Qe3 
O-O-O 16.f5 Bh4 17.Rhf1 Rde8 18.fxe6 fxe6 19.Rf7 h6 20.Kb1 Rhf8 21.Rxg7 
Bf2 22.Qxf2 Rxf2 23.Bxf2 Qxe5 24.Rh7 Qh2 25.Bg1 Qxh3 26.g5 e5 27.g6 d4 28.
Ne4 Bxe4 29.Bxe4 Qg4 30.Re1 Nc5 31.Bd5 Qxg6 32.Rf7 Rd8 33.Bc4 b5 34.Rxe5 
Nd7 35.Ree7 bxc4 0-1

[Event "16th EUR-ch"]
[Site "Jerusalem ISR"]
[Date "2015.03.04"]
[Round "8"]
[White "Mchedlishvili, Mikheil"]
[Black "Kuzubov, Yuriy"]
[Result "1/2-1/2"]
[WhiteElo "2586"]
[BlackElo "2667"]
[EventDate "2015.02.24"]
[PlyCount "82"]

1.d4 f5 2.Nc3 Nf6 3.Bg5 d5 4.e3 e6 5.Nf3 Be7 6.Bd3 O-O 7.O-O Nbd7 8.Ne2 h6
9.Bf4 g5 10.Bg3 Nh5 11.Be5 c6 12.h3 Nxe5 13.Nxe5 Bd6 14.f4 Nf6 15.Qe1 Bd7 
16.g4 Ne4 17.Kh2 Be8 18.Rg1 Kh8 19.Bxe4 fxe4 20.Qg3 c5 21.Raf1 Bb5 22.Ng6+
Kg8 23.Nxf8 Bxf8 24.Qf2 cxd4 25.fxg5 Qc7+ 26.Kh1 dxe3 27.Qxe3 Bc5 28.Nd4 
Bxf1 29.Rxf1 Bxd4 30.Qxd4 Qg3 31.Rf2 e3 32.Rf6 Qe1+ 33.Kg2 Qe2+ 34.Kg3 
Qe1+ 35.Kf4 Qf1+ 36.Ke5 e2 37.Kd6 Qxf6 38.Qxf6 e1=Q 39.Qg6+ Kh8 40.Qxh6+ 
Kg8 41.Qg6+ Kh8 1/2-1/2

[Event "16th EUR-ch"]
[Site "Jerusalem ISR"]
[Date "2015.03.04"]
[Round "8"]
[White "Saric, Ivan"]
[Black "Hansen, Sune Berg"]
[Result "1-0"]
[WhiteElo "2661"]
[BlackElo "2571"]
[EventDate "2015.02.24"]
[PlyCount "123"]

1.e4 e5 2.Nf3 Nc6 3.Bb5 a6 4.Ba4 Nf6 5.O-O Be7 6.Re1 b5 7.Bb3 O-O 8.h3 Bb7
9.d3 d5 10.exd5 Nxd5 11.Nxe5 Nxe5 12.Rxe5 Qd6 13.Re1 Rae8 14.Nd2 c5 15.a4 
Nb6 16.axb5 axb5 17.Ra7 Qb8 18.Ra5 Bc6 19.c4 Qb7 20.Rxb5 Bxb5 21.cxb5 Rd8 
22.Nc4 Nxc4 23.Bxc4 Bf6 24.Be3 Bd4 25.Qd2 Rd6 26.Bxd4 cxd4 27.Qf4 Qd7 28.
Re5 Rf6 29.Qe4 Qd6 30.g3 Qb4 31.Qxd4 Qd2 32.Kg2 h6 33.Re7 Kh8 34.h4 Qb4 
35.Re2 Qa5 36.Qe4 Qa7 37.Qe3 Qb7+ 38.Qe4 Qa7 39.Re3 Kg8 40.Bd5 Rd8 41.Bc4 
Rd4 42.Qe8+ Kh7 43.Qe5 Qb7+ 44.Kg1 Qa7 45.Bd5 Kh8 46.h5 Rb4 47.Qe8+ Kh7 
48.Be4+ g6 49.hxg6+ Kg7 50.gxf7 Qxf7 51.Qe5 Qe6 52.Qc7+ Rf7 53.Qc3+ Qf6 
54.Rf3 Qxc3 55.Rxf7+ Kxf7 56.bxc3 Rxb5 57.Kg2 Kf6 58.Kf3 Rb1 59.Kf4 Rc1 
60.c4 h5 61.f3 Rc2 62.g4 1-0

[Event "16th EUR-ch"]
[Site "Jerusalem ISR"]
[Date "2015.03.04"]
[Round "8"]
[White "Jojua, Davit"]
[Black "Mamedov, Rauf"]
[Result "1/2-1/2"]
[WhiteElo "2579"]
[BlackElo "2650"]
[EventDate "2015.02.24"]
[PlyCount "58"]

1.d4 Nf6 2.c4 g6 3.Nc3 Bg7 4.g3 O-O 5.Bg2 d6 6.Nf3 Nc6 7.O-O a6 8.Bf4 Rb8 
9.Rc1 h6 10.h3 g5 11.Be3 Bd7 12.d5 Na5 13.c5 Nc4 14.Bd4 dxc5 15.Bxc5 b6 
16.Bd4 c5 17.dxc6 Bxc6 18.Nb1 Bd5 19.b3 Na5 20.Nc3 Ba8 21.Na4 b5 22.Nc5 
Rc8 23.e3 Nc6 24.Bxf6 Bxf6 25.Qxd8 Rfxd8 26.Nxa6 Bb7 27.Nc5 Ba8 28.Na6 Bb7
29.Nc5 Ba8 1/2-1/2

[Event "16th EUR-ch"]
[Site "Jerusalem ISR"]
[Date "2015.03.04"]
[Round "8"]
[White "Dreev, Aleksey"]
[Black "Yilmaz, Mustafa"]
[Result "1/2-1/2"]
[WhiteElo "2643"]
[BlackElo "2570"]
[EventDate "2015.02.24"]
[PlyCount "71"]

1.d4 d5 2.c4 c6 3.Nc3 Nf6 4.e3 a6 5.Qc2 g6 6.Bd3 Bg7 7.Nf3 O-O 8.O-O Bg4 
9.Ne5 Be6 10.Bd2 dxc4 11.Bxc4 Bxc4 12.Nxc4 Nbd7 13.Ne4 Nxe4 14.Qxe4 a5 15.
Rfd1 Nf6 16.Qf3 a4 17.Rac1 Re8 18.Bb4 Qd5 19.Nb6 Qb5 20.Bc5 Rad8 21.Nc4 
Nd7 22.Ba3 Nb6 23.Nxb6 Qxb6 24.Qe4 Qb5 25.f4 e6 26.Rc5 Qe2 27.Qd3 Qxd3 28.
Rxd3 Bf8 29.Rcc3 Rd5 30.Kf2 Rb5 31.Rd2 Ra8 32.Ke2 Bxa3 33.Rxa3 Kf8 34.Kd3 
Ke7 35.g4 g5 36.fxg5 1/2-1/2

[Event "16th EUR-ch"]
[Site "Jerusalem ISR"]
[Date "2015.03.04"]
[Round "8"]
[White "Ivanisevic, Ivan"]
[Black "Kravtsiv, Martyn"]
[Result "0-1"]
[WhiteElo "2638"]
[BlackElo "2565"]
[EventDate "2015.02.24"]
[PlyCount "96"]

1.d4 Nf6 2.c4 e6 3.Nc3 Bb4 4.a3 Bxc3+ 5.bxc3 O-O 6.Bg5 c5 7.Nf3 h6 8.Bh4 
Qa5 9.Bxf6 Qxc3+ 10.Nd2 gxf6 11.d5 d6 12.g3 exd5 13.Bg2 Re8 14.Rc1 Qxa3 
15.Bxd5 Nc6 16.Ne4 Rxe4 17.Bxe4 Nd4 18.Rb1 Bg4 19.Qd3 Qxd3 20.Bxd3 Re8 21.
Kd2 b5 22.cxb5 d5 23.e3 Nf3+ 24.Kc3 Ne5 25.Bc2 Rd8 26.Bb3 d4+ 27.exd4 
cxd4+ 28.Kb4 Bf3 29.Rhd1 Bxd1 30.Rxd1 d3 31.f4 Nf3 32.Bc4 d2 33.Be2 Nxh2 
34.Kc3 f5 35.Rxd2 Rxd2 36.Kxd2 Kf8 37.Kc3 Ke7 38.Kd4 Kd6 39.Bd3 h5 40.Bxf5
Nf1 41.g4 Ng3 42.Bd3 hxg4 43.Bc4 Nf5+ 44.Ke4 Kc5 45.Bd3 Nd6+ 46.Ke5 g3 47.
Bf1 Nxb5 48.f5 a5 0-1

[Event "16th EUR-ch"]
[Site "Jerusalem ISR"]
[Date "2015.03.04"]
[Round "8"]
[White "Hracek, Zbynek"]
[Black "Brkic, Ante"]
[Result "1/2-1/2"]
[WhiteElo "2631"]
[BlackElo "2586"]
[EventDate "2015.02.24"]
[PlyCount "33"]

1.e4 e5 2.Nf3 Nc6 3.Bb5 a6 4.Ba4 Nf6 5.O-O Bc5 6.c3 b5 7.Bb3 d6 8.d4 Bb6 
9.Be3 O-O 10.Nbd2 h6 11.h3 exd4 12.cxd4 Ne7 13.Re1 Bb7 14.Bc2 Re8 15.a3 
Ng6 16.d5 c6 17.dxc6 1/2-1/2

[Event "16th EUR-ch"]
[Site "Jerusalem ISR"]
[Date "2015.03.04"]
[Round "8"]
[White "Lupulescu, Constantin"]
[Black "Kanmazalp, Ogulcan"]
[Result "1-0"]
[WhiteElo "2626"]
[BlackElo "2457"]
[EventDate "2015.02.24"]
[PlyCount "63"]

1.d4 Nf6 2.c4 g6 3.Nc3 d5 4.cxd5 Nxd5 5.e4 Nxc3 6.bxc3 Bg7 7.Nf3 c5 8.h3 
O-O 9.Be3 Qa5 10.Bd2 f5 11.Bc4+ Kh8 12.e5 Nd7 13.h4 Nb6 14.Be2 cxd4 15.
cxd4 Qd5 16.h5 gxh5 17.Bb4 Bd7 18.Rxh5 Bb5 19.Bxe7 Rfe8 20.Bg5 Rac8 21.
Bxb5 Qxb5 22.Qb3 Qc6 23.Kf1 Nc4 24.Rd1 Qd5 25.Bf4 Rf8 26.Ng5 h6 27.Qh3 Rc6
28.e6 Rf6 29.Re1 Qb5 30.a4 Qxa4 31.d5 Rc8 32.Nf7+ 1-0

[Event "16th EUR-ch"]
[Site "Jerusalem ISR"]
[Date "2015.03.04"]
[Round "8"]
[White "Sutovsky, Emil"]
[Black "Damaso, Rui"]
[Result "1-0"]
[WhiteElo "2626"]
[BlackElo "2451"]
[EventDate "2015.02.24"]
[PlyCount "51"]

1.e4 Nc6 2.Nf3 e5 3.Bb5 a6 4.Ba4 Nf6 5.O-O Be7 6.Re1 b5 7.Bb3 d6 8.c3 O-O 
9.d4 Bg4 10.Be3 Bh5 11.a4 Na5 12.Ba2 Ng4 13.Bc1 b4 14.cxb4 Nc6 15.Bd5 Nxf2
16.Qd2 Nxb4 17.Bxa8 Nfd3 18.Re3 Nxc1 19.Qxb4 exd4 20.Qxd4 Bxf3 21.gxf3 
Qxa8 22.Qc4 Qa7 23.Qxc1 f5 24.Kg2 Bg5 25.Qc4+ Kh8 26.Re2 1-0

[Event "16th EUR-ch"]
[Site "Jerusalem ISR"]
[Date "2015.03.04"]
[Round "8"]
[White "Kraus, Ohad"]
[Black "Van Kampen, Robin"]
[Result "1/2-1/2"]
[WhiteElo "2190"]
[BlackElo "2626"]
[EventDate "2015.02.24"]
[PlyCount "58"]

1.d4 Nf6 2.c4 b6 3.Nc3 Bb7 4.f3 d5 5.Bg5 e6 6.e3 Be7 7.Bd3 O-O 8.Nge2 Nbd7
9.Qd2 dxc4 10.Bxc4 c5 11.Rd1 Rc8 12.Bb3 h6 13.Bf4 cxd4 14.exd4 a6 15.d5 e5
16.Bxh6 Ne8 17.Be3 Nd6 18.O-O Nc5 19.Kh1 b5 20.Bxc5 Rxc5 21.Ne4 Nxe4 22.
fxe4 Bg5 23.Qd3 Qd6 24.Qg3 Bf6 25.Nd4 Bc8 26.Nf5 Bxf5 27.Rxf5 Rfc8 28.Rdf1
Rc1 29.Bd1 Rb1 1/2-1/2

[Event "16th EUR-ch"]
[Site "Jerusalem ISR"]
[Date "2015.03.04"]
[Round "8"]
[White "Kantarji, Pinchas"]
[Black "Bukavshin, Ivan"]
[Result "1/2-1/2"]
[WhiteElo "2420"]
[BlackElo "2622"]
[EventDate "2015.02.24"]
[PlyCount "46"]

1.d4 Nf6 2.Nf3 c5 3.c4 e6 4.e3 a6 5.Be2 d5 6.cxd5 exd5 7.O-O Nc6 8.b3 Be6 
9.Bb2 Rc8 10.Nc3 cxd4 11.Nxd4 Bd6 12.Rc1 O-O 13.Na4 Ne7 14.Rxc8 Bxc8 15.
Qc2 Ng6 16.Nf5 Bb8 17.Ng3 Ng4 18.Qc3 Be5 19.Qd2 Bxb2 20.Nxb2 Nf6 21.Rd1 
Be6 22.Qb4 Qe7 23.Qxe7 Nxe7 1/2-1/2

[Event "16th EUR-ch"]
[Site "Jerusalem ISR"]
[Date "2015.03.04"]
[Round "8"]
[White "Mikaelyan, Arman"]
[Black "Kozul, Zdenko"]
[Result "0-1"]
[WhiteElo "2418"]
[BlackElo "2630"]
[EventDate "2015.02.24"]
[PlyCount "150"]

1.Nf3 Nf6 2.g3 d5 3.Bg2 c6 4.O-O g6 5.d4 Bg7 6.c4 O-O 7.cxd5 cxd5 8.Nc3 
Nc6 9.Ne5 e6 10.Nxc6 bxc6 11.Na4 Nd7 12.Bf4 Qa5 13.Bd6 Re8 14.b3 Ba6 15.
Re1 e5 16.dxe5 Nxe5 17.Rc1 Bb5 18.Nc3 Nd3 19.exd3 Bxc3 20.Rxe8+ Rxe8 21.
Qc2 Bd4 22.Bf1 Re6 23.Bf4 Qa3 24.Qd2 h5 25.Bh3 Re7 26.Bf1 Kh7 27.h4 a5 28.
Bg5 f6 29.Bf4 a4 30.b4 Qb2 31.Rc2 a3 32.Bd6 Re6 33.Bf8 f5 34.Bc5 Bg7 35.d4
Qb1 36.Rc1 Qe4 37.Bxb5 cxb5 38.Qc2 Qe2 39.Qb3 Qb2 40.Rb1 Bxd4 41.Bxd4 Qxd4
42.Rd1 Qc4 43.Qxa3 Re7 44.Qb3 f4 45.gxf4 Qxf4 46.Qg3 Qc4 47.Qg5 Rd7 48.Re1
Qxb4 49.Re8 Qd6 50.Qe5 Qxe5 51.Rxe5 Kg7 52.f4 Rf7 53.Rxd5 Rxf4 54.Rxb5 
Rxh4 55.Ra5 Rg4+ 56.Kh2 Rc4 57.a4 Kf6 58.Kg2 g5 59.Kh2 h4 60.Kg2 g4 61.Rh5
Rc2+ 62.Kg1 h3 63.a5 Ra2 64.a6 Kg6 65.Rh8 Rxa6 66.Rg8+ Kf5 67.Rb8 Ra1+ 68.
Kh2 Ra2+ 69.Kg1 g3 70.Rb5+ Ke4 71.Rb4+ Kd5 72.Rb5+ Kd4 73.Rb4+ Kc3 74.Rb1 
Rd2 75.Re1 Kc2 0-1

[Event "16th EUR-ch"]
[Site "Jerusalem ISR"]
[Date "2015.03.04"]
[Round "8"]
[White "Riazantsev, Alexander"]
[Black "Kovalev, Vladislav"]
[Result "1/2-1/2"]
[WhiteElo "2688"]
[BlackElo "2531"]
[EventDate "2015.02.24"]
[PlyCount "52"]

1.d4 Nf6 2.c4 e5 3.dxe5 Ng4 4.Bf4 g5 5.Bg3 Bg7 6.Nf3 Nc6 7.h4 Ngxe5 8.Nxe5
Nxe5 9.hxg5 Nxc4 10.Nc3 c6 11.e4 Nxb2 12.Qd2 d5 13.Qxb2 Qa5 14.e5 d4 15.
Rc1 dxc3 16.Qxc3 Qxc3+ 17.Rxc3 h6 18.gxh6 Rxh6 19.Rxh6 Bxh6 20.Bc4 Bg5 21.
Rf3 Be6 22.Bxe6 fxe6 23.Bf4 Bxf4 24.Rxf4 c5 25.Rf6 Ke7 26.Rh6 Rf8 1/2-1/2

[Event "16th EUR-ch"]
[Site "Jerusalem ISR"]
[Date "2015.03.04"]
[Round "8"]
[White "Rasulov, Vugar"]
[Black "Salgado Lopez, Ivan"]
[Result "1-0"]
[WhiteElo "2508"]
[BlackElo "2628"]
[EventDate "2015.02.24"]
[PlyCount "87"]

1.e4 c6 2.d4 d5 3.e5 c5 4.dxc5 e6 5.Nf3 Bxc5 6.Bd3 Nc6 7.O-O f6 8.exf6 
Nxf6 9.c4 O-O 10.Nc3 Qd6 11.h3 a6 12.a3 Ba7 13.cxd5 exd5 14.Ne4 dxe4 15.
Bc4+ Be6 16.Qxd6 Bxc4 17.Ne5 Nxe5 18.Qxe5 Bxf1 19.Kxf1 Rae8 20.Qa5 Nd7 21.
Qd5+ Kh8 22.Qxd7 Rxf2+ 23.Ke1 Ref8 24.Qxb7 Rf1+ 25.Kd2 e3+ 26.Kc2 e2 27.
Bd2 Rxa1 28.Qxa7 e1=Q 29.Bxe1 Rxe1 30.Qxa6 h6 31.Kb3 Rf2 32.a4 Ree2 33.
Qc8+ Kh7 34.Qc3 Rxg2 35.a5 Rg6 36.Ka4 Reg2 37.b4 R6g3 38.Qc4 Rxh3 39.a6 
Rg6 40.b5 Rgg3 41.Qc2+ Kh8 42.Qc8+ Kh7 43.Qf5+ Kh8 44.Qxh3 1-0

[Event "16th EUR-ch"]
[Site "Jerusalem ISR"]
[Date "2015.03.04"]
[Round "8"]
[White "Klein, David"]
[Black "Beliavsky, Alexander"]
[Result "1-0"]
[WhiteElo "2505"]
[BlackElo "2623"]
[EventDate "2015.02.24"]
[PlyCount "43"]

1.e4 e5 2.Nf3 d6 3.d4 exd4 4.Nxd4 Nf6 5.Nc3 Be7 6.g3 d5 7.e5 Ng4 8.Bg2 O-O
9.O-O c5 10.Ndb5 d4 11.Nd5 Nc6 12.f4 Nh6 13.h3 Nf5 14.Kh2 a6 15.Nbc7 Ra7 
16.Qe1 b5 17.Qe4 d3 18.cxd3 Nfd4 19.f5 Rxc7 20.f6 gxf6 21.exf6 Bd6 22.Qh4 
1-0

[Event "16th EUR-ch"]
[Site "Jerusalem ISR"]
[Date "2015.03.04"]
[Round "8"]
[White "Sadzikowski, Daniel"]
[Black "Pantsulaia, Levan"]
[Result "1/2-1/2"]
[WhiteElo "2492"]
[BlackElo "2615"]
[EventDate "2015.02.24"]
[PlyCount "146"]

1.e4 c6 2.d4 d5 3.e5 Bf5 4.Nf3 e6 5.Be2 Nd7 6.O-O Ne7 7.Nh4 Be4 8.Nd2 c5 
9.Nxe4 dxe4 10.g3 Qb6 11.c3 Nc6 12.b4 cxd4 13.b5 d3 14.bxc6 Qxc6 15.Bg4 
Nxe5 16.Bf4 Nc4 17.Re1 Rd8 18.Rxe4 Qxe4 19.Bf3 Nb2 20.Bxe4 Nxd1 21.Rxd1 b6
22.Nf3 Bd6 23.Be3 Bc5 24.Bd4 Bxd4 25.cxd4 Rc8 26.Rxd3 f5 27.Bb7 Rc7 28.Ba6
Ke7 29.Ne5 Rd8 30.Bc4 Rdc8 31.Bb3 Rc3 32.Rd2 Rd8 33.Kg2 g5 34.Nf3 Kf6 35.
Re2 Rd6 36.d5 exd5 37.Nd4 f4 38.gxf4 gxf4 39.Re8 Rd3 40.Nb5 Rd7 41.Rf8+ 
Kg5 42.h4+ Kxh4 43.Rxf4+ Kg5 44.Ra4 a5 45.Nd4 Kf6 46.Ne2 Ke5 47.Rh4 b5 48.
Rh6 Rc7 49.Rh5+ Kd6 50.Nf4 Rd2 51.Nxd5 Rg7+ 52.Kf1 a4 53.Nc3 Kc6 54.Bd5+ 
Kb6 55.Be6 Rb2 56.a3 Kc6 57.Bd5+ Kc5 58.Bb3+ Kc6 59.Bd5+ Kd6 60.Be4 b4 61.
Nxa4 Ra2 62.Rd5+ Ke7 63.Re5+ Kd6 64.Rd5+ Ke7 65.Nb6 bxa3 66.Ra5 Ra1+ 67.
Ke2 h5 68.Ra7+ Kf8 69.Nd7+ Ke7 70.Nb6+ Kf8 71.Nd7+ Ke7 72.Nb6+ Kf8 73.Ra8+
Ke7 1/2-1/2

[Event "16th EUR-ch"]
[Site "Jerusalem ISR"]
[Date "2015.03.04"]
[Round "8"]
[White "Andriasian, Zaven"]
[Black "Raznikov, Danny"]
[Result "1/2-1/2"]
[WhiteElo "2612"]
[BlackElo "2494"]
[EventDate "2015.02.24"]
[PlyCount "67"]

1.e4 c5 2.Nf3 d6 3.d4 cxd4 4.Nxd4 Nf6 5.Nc3 a6 6.Be3 Ng4 7.Bc1 Nf6 8.h3 e6
9.g4 Nfd7 10.Be3 b5 11.Bg2 Bb7 12.Qd2 Nb6 13.b3 N8d7 14.O-O Rc8 15.f4 Qc7 
16.Nce2 e5 17.Nf5 g6 18.Nfg3 Qxc2 19.Qa5 exf4 20.Nxf4 Bg7 21.Rac1 Qb2 22.
Nd3 Bc3 23.Nxb2 Bxa5 24.Nd3 Bc3 25.Ne2 Bg7 26.Rxc8+ Nxc8 27.Rc1 Kd8 28.Nd4
Bxd4 29.Bxd4 Re8 30.Nb4 Bxe4 31.Nc6+ Bxc6 32.Rxc6 Nb8 33.Rc1 Nd7 34.Bb7 
1/2-1/2

[Event "16th EUR-ch"]
[Site "Jerusalem ISR"]
[Date "2015.03.04"]
[Round "8"]
[White "Neverov, Valeriy"]
[Black "Potkin, Vladimir"]
[Result "1/2-1/2"]
[WhiteElo "2485"]
[BlackElo "2605"]
[EventDate "2015.02.24"]
[PlyCount "83"]

1.c4 e6 2.Nf3 d5 3.d4 Nf6 4.Nc3 c6 5.Bg5 h6 6.Bxf6 Qxf6 7.Qb3 dxc4 8.Qxc4 
Nd7 9.Rd1 g6 10.g3 Bg7 11.Bh3 O-O 12.O-O Qe7 13.Rfe1 Rb8 14.e4 Rd8 15.Bg2 
e5 16.d5 Nb6 17.Qb3 cxd5 18.exd5 Bf5 19.h3 h5 20.Nd4 Bd7 21.Ndb5 Bxb5 22.
Nxb5 Nc8 23.d6 Nxd6 24.Qa3 Nf5 25.Qxe7 Nxe7 26.Nxa7 f5 27.Nb5 e4 28.f3 f4 
29.gxf4 Rxd1 30.Rxd1 e3 31.Bf1 Bxb2 32.Bc4+ Kf8 33.Kf1 Nf5 34.Rd7 Rc8 35.
Rf7+ Ke8 36.Rxf5 gxf5 37.Nd6+ Kd7 38.Nxc8 Kxc8 39.Be6+ Kc7 40.Bxf5 h4 41.
Ke2 Bd4 42.Be4 1/2-1/2

[Event "16th EUR-ch"]
[Site "Jerusalem ISR"]
[Date "2015.03.04"]
[Round "8"]
[White "Kantsler, Boris"]
[Black "Marin, Mihail"]
[Result "1/2-1/2"]
[WhiteElo "2435"]
[BlackElo "2603"]
[EventDate "2015.02.24"]
[PlyCount "118"]

1.d4 d5 2.c4 e6 3.Nc3 Nf6 4.Bg5 Nbd7 5.e3 h6 6.Bh4 Be7 7.cxd5 exd5 8.Bd3 
O-O 9.Nf3 b6 10.O-O Bb7 11.Qe2 c5 12.Ba6 Qc8 13.Bxb7 Qxb7 14.dxc5 bxc5 15.
Rfd1 Rfd8 16.Rac1 Rac8 17.h3 Nb6 18.Rc2 Ne4 19.Bxe7 Qxe7 20.Nxe4 dxe4 21.
Rxd8+ Rxd8 22.Nd2 Rd5 23.Nb1 Rd3 24.Nc3 Qe5 25.Qg4 h5 26.Qf4 Qxf4 27.exf4 
f5 28.Nb5 a6 29.Nc7 Nd5 30.Nxd5 Rd1+ 31.Kh2 Rxd5 32.g4 h4 33.gxf5 Kf7 34.
Rc4 Rd2 35.Kg1 Rxb2 36.a4 Rb4 37.Rxc5 Rxa4 38.Re5 Kf6 39.Kg2 Kf7 40.Re6 a5
41.Re5 Kf6 42.Kg1 Ra1+ 43.Kg2 a4 44.Rxe4 Kxf5 45.Rd4 a3 46.Kf3 Ke6 47.Ra4 
Kd5 48.f5 Kc5 49.Ra7 Kb6 50.Ra8 Kb5 51.Ra7 a2 52.Kg2 Kc5 53.Ra8 Kd5 54.Ra4
Ke5 55.Ra8 Kxf5 56.Ra5+ Ke4 57.Ra8 g5 58.Re8+ Kd3 59.Rd8+ Kc4 1/2-1/2

[Event "16th EUR-ch"]
[Site "Jerusalem ISR"]
[Date "2015.03.04"]
[Round "8"]
[White "Firat, Burak"]
[Black "Ipatov, Alexander"]
[Result "0-1"]
[WhiteElo "2486"]
[BlackElo "2592"]
[EventDate "2015.02.24"]
[PlyCount "128"]

1.e4 e5 2.Nf3 Nc6 3.Bb5 a6 4.Ba4 Nf6 5.O-O Be7 6.Re1 b5 7.Bb3 d6 8.c3 O-O 
9.h3 Nd7 10.d4 Bf6 11.d5 Ne7 12.Nbd2 Ng6 13.Nf1 Nh4 14.N1h2 Nxf3+ 15.Nxf3 
Be7 16.Be3 Nb6 17.Nd2 Bg5 18.c4 Bxe3 19.Rxe3 b4 20.a3 Rb8 21.axb4 Nd7 22.
Qc2 Rxb4 23.Qc3 Rb6 24.Ba4 c5 25.dxc6 Nc5 26.Bc2 Rxc6 27.b4 Ne6 28.Nf3 Nf4
29.h4 Bg4 30.g3 Qc8 31.Bd1 Rxc4 32.Qe1 Bxf3 33.Bxf3 Ne6 34.Be2 Rc6 35.Bg4 
Qe8 36.Bxe6 Qxe6 37.Qe2 f5 38.exf5 Qxf5 39.Rd3 h6 40.Rad1 Rf6 41.Kg2 Kf8 
42.R1d2 g5 43.hxg5 hxg5 44.Re3 g4 45.Re4 Qf3+ 46.Qxf3 gxf3+ 47.Kh3 Ke7 48.
g4 Ke6 49.g5 d5 50.Rh4 Rg6 51.Rh6 Rxh6+ 52.gxh6 Kf5 53.Rxd5 Kf4 54.Kh2 
Rxh6+ 55.Kg1 Rg6+ 56.Kh1 Rc6 57.Ra5 Rc1+ 58.Kh2 Rf1 59.Ra2 e4 60.Rb2 Re1 
61.b5 Re2 62.Rb4 Rxf2+ 63.Kg1 Rg2+ 64.Kh1 Rg6 0-1

[Event "16th EUR-ch"]
[Site "Jerusalem ISR"]
[Date "2015.03.04"]
[Round "8"]
[White "Iordachescu, Viorel"]
[Black "Kjartansson, Gudmundur"]
[Result "1-0"]
[WhiteElo "2590"]
[BlackElo "2484"]
[EventDate "2015.02.24"]
[PlyCount "68"]

1.e4 e5 2.Nf3 Nc6 3.Bb5 a6 4.Ba4 Nf6 5.O-O Be7 6.Re1 b5 7.Bb3 d6 8.c3 O-O 
9.h3 Bb7 10.d4 Re8 11.Nbd2 exd4 12.cxd4 Nd7 13.Nf1 Na5 14.Bc2 Bf6 15.Rb1 
c5 16.b4 cxb4 17.N1h2 Rc8 18.Ng4 Be7 19.d5 Nc4 20.Nd4 Bg5 21.f4 Bf6 22.
Nxf6+ Qxf6 23.Nf5 Nc5 24.Rxb4 Rc7 25.a3 Kh8 26.Kh2 g6 27.Rxc4 bxc4 28.e5 
Rxe5 29.Bb2 c3 30.Bxc3 Ne4 31.Bd4 gxf5 32.Bxe4 Kg8 33.Qf3 Kf8 34.Bd3 Qh4 
1-0

[Event "16th EUR-ch"]
[Site "Jerusalem ISR"]
[Date "2015.03.04"]
[Round "8"]
[White "Yuffa, Daniil"]
[Black "Nabaty, Tamir"]
[Result "0-1"]
[WhiteElo "2469"]
[BlackElo "2585"]
[EventDate "2015.02.24"]
[PlyCount "84"]

1.g3 d5 2.Nf3 Nd7 3.Bg2 e5 4.O-O Ngf6 5.d3 Bd6 6.Nfd2 O-O 7.c4 d4 8.Na3 a5
9.Nc2 Re8 10.b3 Nc5 11.Ba3 c6 12.Bxc5 Bxc5 13.a3 Bf8 14.Qb1 h5 15.Nf3 e4 
16.Nfxd4 e3 17.fxe3 Ng4 18.Nf3 Nxe3 19.Nxe3 Rxe3 20.Ra2 Bg4 21.Qe1 Bc5 22.
Kh1 Qe7 23.Qd2 b6 24.b4 Bd6 25.Nd4 h4 26.Nxc6 Qg5 27.Rf4 Rxe2 28.Rxg4 Rxd2
29.Rxg5 Rxa2 30.Rf5 Re8 31.Be4 hxg3 32.hxg3 axb4 33.axb4 g6 34.Rf6 Bxg3 
35.c5 bxc5 36.bxc5 Rf2 37.Rd6 Bxd6 38.cxd6 Rxe4 39.dxe4 Rd2 40.e5 f6 41.d7
Rxd7 42.exf6 Rd6 0-1

[Event "16th EUR-ch"]
[Site "Jerusalem ISR"]
[Date "2015.03.04"]
[Round "8"]
[White "Parligras, Mircea-Emilian"]
[Black "Batsiashvili, Nino"]
[Result "1/2-1/2"]
[WhiteElo "2583"]
[BlackElo "2475"]
[EventDate "2015.02.24"]
[PlyCount "116"]

1.d4 d5 2.c4 e6 3.Nc3 Bb4 4.e3 c5 5.a3 Bxc3+ 6.bxc3 Nf6 7.cxd5 exd5 8.Bd3 
O-O 9.Ne2 b6 10.O-O Ba6 11.a4 Qd7 12.Bxa6 Nxa6 13.Qd3 Nc7 14.dxc5 Ne6 15.
cxb6 axb6 16.Ba3 Rfb8 17.Bb4 Rxa4 18.Rxa4 Qxa4 19.Be7 Qc4 20.Rd1 Ne4 21.f3
N4c5 22.Qxc4 dxc4 23.Rb1 Nb3 24.e4 Rb7 25.Bb4 Rd7 26.Kf2 f6 27.Rb2 Ra7 28.
Ke3 Kf7 29.f4 g6 30.f5 gxf5 31.exf5 Nc7 32.Nf4 Ra1 33.Re2 Na6 34.Bd6 Rd1 
35.Ra2 Rxd6 36.Rxa6 Nc5 37.Ra7+ Ke8 38.Rxh7 Na4 39.g4 Nxc3 40.h4 Nd5+ 41.
Nxd5 Rxd5 42.Rc7 b5 43.Ke4 Rd7 44.Rc8+ Rd8 45.Rc5 b4 46.Rxc4 Rb8 47.Rc2 b3
48.Rb2 Rb4+ 49.Kd5 Kf7 50.g5 Rb5+ 51.Ke4 Rb4+ 52.Kd3 fxg5 53.hxg5 Rf4 54.
f6 Rg4 55.Rxb3 Rxg5 56.Rb6 Rf5 57.Ke4 Rxf6 58.Rxf6+ Kxf6 1/2-1/2

[Event "16th EUR-ch"]
[Site "Jerusalem ISR"]
[Date "2015.03.04"]
[Round "8"]
[White "Huzman, Alexander"]
[Black "Sanal, Vahap"]
[Result "1/2-1/2"]
[WhiteElo "2582"]
[BlackElo "2460"]
[EventDate "2015.02.24"]
[PlyCount "104"]

1.Nf3 Nf6 2.c4 c6 3.d4 d5 4.e3 Bf5 5.Nc3 e6 6.Nh4 Be4 7.f3 Bg6 8.Qb3 Qc7 
9.Bd2 Be7 10.g3 O-O 11.Rc1 Qd7 12.Nxg6 hxg6 13.c5 Qc7 14.Qc2 e5 15.Bd3 
Nbd7 16.Kf2 Rfe8 17.b4 Nf8 18.Kg2 Ne6 19.Ne2 b6 20.Rhd1 bxc5 21.bxc5 exd4 
22.exd4 Nh5 23.Rb1 Bf6 24.Qa4 g5 25.Rb3 Rab8 26.Rdb1 Rxb3 27.Rxb3 g6 28.
Ba6 Nd8 29.Qb4 Ng7 30.Qb8 Nde6 31.Qxc7 Nxc7 32.Bd3 Nf5 33.Rb7 Ne6 34.Bxf5 
gxf5 35.Rxa7 Nxd4 36.Nxd4 Bxd4 37.Kf1 Bxc5 38.Ra6 Be3 39.Ke2 Bg1+ 40.Kf1 
Be3 41.Ke2 c5 42.Bxe3 f4 43.gxf4 gxf4 44.Ra5 Rxe3+ 45.Kd2 Rxf3 46.Rxc5 
Rf2+ 47.Ke1 Rxh2 48.Rxd5 Kg7 49.Rd4 Rh4 50.a4 Kg6 51.a5 Rh1+ 52.Kf2 Ra1 
1/2-1/2

[Event "16th EUR-ch"]
[Site "Jerusalem ISR"]
[Date "2015.03.04"]
[Round "8"]
[White "Ferreira, Jorge Viterbo"]
[Black "Ter-Sahakyan, Samvel"]
[Result "1/2-1/2"]
[WhiteElo "2427"]
[BlackElo "2580"]
[EventDate "2015.02.24"]
[PlyCount "103"]

1.Nf3 d5 2.c4 c6 3.e3 Nf6 4.Nc3 e6 5.b3 Bd6 6.Bb2 O-O 7.Be2 Nbd7 8.Qc2 Re8
9.O-O b6 10.cxd5 exd5 11.d4 Bb7 12.Rfd1 Rc8 13.Rac1 Nf8 14.Bf1 Rc7 15.g3 
Ng6 16.Bg2 Bc8 17.Nd2 Kh8 18.Re1 Rce7 19.a3 a5 20.Qb1 Bd7 21.Qd3 Qb8 22.
Qf1 Bf5 23.Na2 Qb7 24.b4 axb4 25.axb4 Ra8 26.Ra1 b5 27.Nb3 h5 28.Nc5 Bxc5 
29.dxc5 Ne4 30.Qe2 Kg8 31.Qxh5 Qc8 32.Qd1 Bh3 33.Nc3 Rxa1 34.Bxa1 Bxg2 35.
Kxg2 Qf5 36.Qf3 Qg5 37.Qd1 Nh4+ 38.Kf1 Nf3 39.Nxe4 dxe4 40.Qd8+ Kh7 41.h4 
Qd5 42.Qxd5 cxd5 43.Rc1 Kg6 44.Bc3 f6 45.Rd1 Rd7 46.Ke2 Kf7 47.Ra1 Ke6 48.
Ra5 Rb7 49.Kd1 d4 50.Bxd4 Kd5 51.Bc3 Kc4 52.Kc2 1/2-1/2

[Event "16th EUR-ch"]
[Site "Jerusalem ISR"]
[Date "2015.03.04"]
[Round "8"]
[White "Dvoirys, Semen"]
[Black "Forster, Richard"]
[Result "1/2-1/2"]
[WhiteElo "2578"]
[BlackElo "2446"]
[EventDate "2015.02.24"]
[PlyCount "61"]

1.e4 c5 2.Nf3 d6 3.d4 cxd4 4.Nxd4 Nf6 5.Nc3 g6 6.Be3 Bg7 7.f3 Nc6 8.Qd2 
O-O 9.g4 Be6 10.O-O-O Nxd4 11.Bxd4 Qa5 12.a3 Rab8 13.h4 b5 14.Nd5 Qxd2+ 
15.Rxd2 Bxd5 16.exd5 a5 17.c3 Nd7 18.Bxg7 Kxg7 19.Rd4 Nc5 20.Kc2 Rfc8 21.
Rh2 Rb6 22.Kb1 e5 23.dxe6 fxe6 24.Rc2 Nb3 25.Rd1 d5 26.Re1 Rf8 27.Re3 Rf4 
28.Be2 a4 29.Bd1 Na5 30.Rh2 Nc4 31.Re1 1/2-1/2